Kulcsosházak szerepe a magyar belföldi idegenforgalomban, A magyar belföldi turisztikai fogyasztás szerkezete a kulcsosházak viszonylatában

Bibliographic Details
Main Author: Czirják Nikolett
Other Authors: Talabos MSc István
Format: Thesis
Kulcsszavak:kulcsosház
belföldi turizmus
VALS
Online Access:http://dolgozattar.uni-bge.hu/12990

MARC

LEADER 00000nta a2200000 i 4500
001 dolg12990
005 20180208141825.0
008 171128suuuu hu om 000 hun d
040 |a BGE Dolgozattár Repozitórium  |b hun 
041 |a hu 
100 1 |a Czirják Nikolett 
245 1 0 |a Kulcsosházak szerepe a magyar belföldi idegenforgalomban, A magyar belföldi turisztikai fogyasztás szerkezete a kulcsosházak viszonylatában  |c Czirják Nikolett  |h [elektronikus dokumentum] 
246 1 1 |a Kulcsosházak szerepe a magyar belföldi idegenforgalomban, A magyar belföldi turisztikai fogyasztás szerkezete a kulcsosházak viszonylatában 
246 1 1 |a The role of chalet house in Hungarian domestic tourism, The structure of Hungarian domestic tourism consumption in relation to the chalet house 
520 3 |a A kulcsoházak kiváló alternatívát jelenthetnek azok számára, akik eddig anyagi megfontolásból szorultak ki az utazásból, valamint színesíthetik a szálláshelykínálatot azok számára, akik az aktív turizmus kedvelői – túrázók, kerékpárosok, geocaching-elők -, illetve szándékosan, rekreációs céllal keresik az egyszerűbb szálláshelyeket, melyek belföldi idegenforgalomban betöltött szerepét vizsgálja a szerző. 
695 |a kulcsosház 
695 |a belföldi turizmus 
695 |a VALS 
700 1 |a Talabos MSc István  |e ths 
856 4 0 |u http://dolgozattar.uni-bge.hu/12990/1/Kulcsosh%C3%A1zak%20szerepe%20a%20magyar%20belf%C3%B6ldi%20idegenforgalomban.pdf  |z Dokumentum-elérés